Los estudios gramscianos hoy: ¿Gramsci lingüísta? . = Gramscian studies today: was gramsci a linguist?. Os estudos gramscianos hoje: gramsci lingüista? /

En el texto se realiza una balance de la obra de Antonio Gramsci desde una perspectiva linguística

Gespeichert in:
Bibliographische Detailangaben
1. Verfasser: Almeida Rodríguez, Manuel Sixto
Format: Text
Schlagworte:
Tags: Tag hinzufügen
Keine Tags, Fügen Sie den ersten Tag hinzu!

MARC

LEADER 00000 a a2200000 04500
001 18386
003
040
100 |a Almeida Rodríguez, Manuel Sixto  
245 |a Los estudios gramscianos hoy: ¿Gramsci lingüísta? . =   |b Gramscian studies today: was gramsci a linguist?. Os estudos gramscianos hoje: gramsci lingüista? /  |c Manuel Sixto Almeida Rodríguez 
520 |a En el texto se realiza una balance de la obra de Antonio Gramsci desde una perspectiva linguística  
650 |a LINGUISTICA  
650 |a TEORIA POLITICA  
650 |a GRAMSCI  
773 |g número 7; páginas 81-92  
999 |c 27971  |d 27971